000 00572nam a2200181Ia 4500
008 100920s9999 xx 000 0 und d
082 _b104359
_a24 न 09
100 _aमाई मुरनार.
245 _aइन द नेम ऑफ ऑनर.
260 _bमेहता पब्लि. हाऊस , पुणे.
_c2009
300 _a92
_bसाधी
365 _b80
520 _aसायो.
630 _aइन द नेम ऑफ ऑनर.
650 _aसायो.
730 _aइन द नेम ऑफ ऑनर.
942 _cBOOK
999 _c744791
_d744788